| 000 | 00518nam a22001457a 4500 | ||
|---|---|---|---|
| 005 | 20260227122859.0 | ||
| 008 | 260227b |||||||| |||| 00| 0 eng d | ||
| 041 | _aeng | ||
| 082 | _a510.954 SAR-M | ||
| 100 |
_aSARMA,U.KV, PAI VENKETESWARA, JOSHI DINESH MOHAN RAMASUBRAMANIAN.K _98874 |
||
| 245 | _aMADHYAMANAYANAPRAKAH: AN UNKNOWN MANUSCRIPT ASCRIBED TO MANUSCRIPT ASCRIBED TO MADHAVA ENGLISH TRANSLATION WITH NOTES | ||
| 260 |
_aNEW DELHI _bINDIAN NATIONAL SCIENCE ACADEMY _c2011 |
||
| 650 |
_aBGP _98859 |
||
| 942 | _cBK | ||
| 999 |
_c9050 _d9048 |
||